250 Harry Potter Characters - Statistics

General Stats
  • This quiz has been taken 15,354 times
  • The average score is 138 of 250
Answer Stats
Last Name First Name % Correct
Potter Harry
100%
Weasley Ron
99%
Weasley Fred
98%
Weasley (2nd Gen.) Fred II
98%
Weasley George
98%
Potter James
98%
Potter (2nd Gen.) James Sirius
98%
Potter Lily
98%
Potter (2nd Gen.) Lily Luna
98%
Weasley Ginny
97%
Granger Hermione
97%
Black Sirius
97%
Dumbledore Albus
96%
Potter (2nd Gen.) Albus Severus
96%
Weasley | Weasley (2nd Gen.) Molly
96%
Weasley Arthur
95%
Weasley Bill
94%
Malfoy Draco
94%
Weasley Percy
94%
Lovegood Luna
93%
Longbottom Neville
93%
Snape Severus
93%
Riddle Tom
93%
Weasley Charlie
92%
Dursley Dudley
92%
Pettigrew Peter
92%
Malfoy Lucius
91%
Lupin Remus
91%
Diggory Cedric
90%
Delacour Fleur
90%
McGonagall Minerva
90%
Dursley Petunia
90%
Lestrange Bellatrix
89%
Dursley Vernon
89%
Umbridge Dolores
88%
Malfoy Narcissa
87%
Hagrid Rubeus
87%
Chang Cho
86%
House-elf Dobby
84%
Gryffindor Godric
83%
Owl Hedwig
83%
Crouch Barty Jr,
81%
Crouch Barty Sr.
81%
Hufflepuff Helga
81%
Slytherin Salazar
81%
Black Regulus
80%
Skeeter Rita
80%
Ravenclaw Rowena
80%
Krum Viktor
80%
Lovegood Xenophilius
80%
Bell Katie
79%
Dumbledore Aberforth
78%
Creevey Colin
78%
Tonks Nymphadora
78%
Finnegan Seamus
78%
Dursley Marge
77%
Snake Nagini
77%
Hornby Olive
77%
Tonks Ted
77%
Bryce | Longbottom Frank
76%
Longbottom Alice
75%
Abbott Hannah
75%
Dumbledore Ariana
74%
Lockhart Gilderoy
74%
Patil Padma
74%
Moody Alastor
73%
Brown Lavender
73%
Patil Parvati
73%
Crabbe Vincent
73%
Bagshot Bathilda
72%
Wood Oliver
72%
Parkinson Pansy
72%
Diggory Amos
71%
Fudge Cornelius
71%
Trelawney Sybill
71%
Filch Argus
70%
Thomas Dean
70%
Goyle Gregory
70%
Karkaroff Igor
70%
Scamander Newt
70%
de Mimsy-Porpington Nicholas
70%
Poltergeist Peeves
70%
Bones Susan
69%
Lupin Teddy
69%
Cat Crookshanks
68%
Flitwick Filius
68%
Ravenclaw Helena
68%
Shacklebolt Kingsley
68%
Bagman Ludovic
68%
Clearwater Penelope
68%
Greyback Fenrir
67%
Slughorn Horace
67%
Painting Fat Lady
66%
House-elf Kreacher
66%
Johnson Angelina
65%
Zabini Blaise
65%
Jordan Lee
65%
Phoenix Fawkes
64%
Toad Trevor
64%
Acromantula Aragog
63%
McLaggen Cormac
63%
Fitch-Fletchley Justin
63%
Gaunt Marvolo
63%
Malfoy (2nd Gen.) Scorpius
63%
Hippogriff Buckbeak
62%
Delacour Gabrielle
62%
Belby | Flint Marcus
62%
Centaur Firenze
61%
Cerberus Fluffy
61%
Flamel Nicolas
61%
Shunpike Stan
61%
House-elf Winky
61%
Bagnold | Bulstrode Millicent
60%
Creevey Dennis
59%
Macmillan | Prang Ernie
59%
Dog Fang
59%
Pomfrey Poppy
59%
Weasley (2nd Gen.) Rose
59%
Grindelwald Gellert
58%
Dragon Norbert
58%
Tonks Andromeda
57%
Maxime Olympe
57%
Scrimgeour Rufus
57%
Spinnet Alicia
55%
Goblin Griphook
54%
Sprout Pomona
54%
Carrow Alecto
53%
Burbage Charity
53%
Figg Arabella
52%
Longbottom Augusta
52%
Dumbledore Kendra
52%
Owl Pigwidgeon
52%
Boot Terry
52%
Bones Amelia
51%
Ghost Bloody Baron
51%
Weasley (2nd Gen.) Hugo
51%
Carrow Amycus
50%
Giant Grawp
50%
Gaunt Merope
50%
Doge Elphias
49%
Owl Errol
49%
Corner Michael
49%
Cattermole Mary
48%
Dumbledore Percival
48%
Black Phineas Nigellus
48%
Quirrell Quirinus
48%
Vane Romilda
48%
Diggle Dedalus
47%
Fletcher Mundungus
47%
Dolohov Antonin
46%
Dippet Armando
46%
Peverell Ignotus
46%
Edgecombe Marietta
46%
Cattermole Reginald
46%
Lestrange Rodolphus
46%
Goldstein Anthony
45%
Thicknesse Pius
45%
Gaunt Morfin
44%
Jorkins Bertha
42%
Rosier Evan
42%
Nott Theodore
42%
Ogden Bob
41%
Ollivander Garrick
41%
Greengrass Astoria
40%
Hopkirk Mafalda
40%
Weasley (2nd Gen.) Victoire
39%
Smith Zacharias
39%
Centaur Bane
38%
Ghost Fat Friar
38%
Davies Roger
38%
Cat Mrs Norris
37%
Rookwood Augustus
36%
Prince Eileen
36%
Prewitt Fabian
36%
Prewitt Gideon
36%
Runcorn Albert
35%
Binns Cuthbert
35%
Cresswell Dirk
35%
Dawlish John
35%
Polkiss Piers
35%
Hooch Rolanda
35%
Owl Hermes
34%
Peverell Cadmus
33%
Lestrange Rabastan
33%
Smith Hepzibah
32%
Warren Myrtle
32%
Pucey Adrian
31%
Sinistra Aurora
31%
Greengrass Daphne
31%
Podmore Sturgis
31%
Vance Emmeline
30%
Black Walburga
30%
Grubbly-Plank Wilhelmina
30%
Peverell Antioch
29%
Sloper Jack
29%
Bode Broderick
28%
Weasley (2nd Gen.) Louis
28%
Black Orion
28%
Painting Sir Cadogan
28%
Macnair Walden
28%
Fortescue Florean
27%
Jones Hestia
27%
Mckinnon Marlene
27%
Warbeck Celestina
26%
Weasley (2nd Gen.) Dominique
26%
Pince Irma
26%
Weasley (2nd Gen.) Lucy
26%
Weasley (2nd Gen.) Roxanne
26%
House-elf Hokey
25%
Peakes Jimmy
24%
Robins Demelza
23%
Midgen Eloise
23%
Twycross Wilkie
23%
Centaur Ronan
22%
Crockford Doris
21%
Marchbanks Griselda
21%
Jones Gwenog
20%
Gregorovitch Mykew
20%
Vector Septima
20%
Kirke Andrew
19%
Meadows Dorcas
19%
Flamel Perenelle
19%
Coote Ritchie
19%
Rowle Thorfinn
19%
Centaur Magorian
17%
Goblin Bogrod
16%
Bones Edgar
16%
Mostafa Hassan
16%
Fenwick Benjy
15%
Brocklehurst Mandy
15%
Kettleburn Silvanus
14%
Lynch Aiden
13%
Bletchley Miles
13%
Dog Ripper
13%
Burke Caractacus
12%
Delacour Apolline
11%
Higgs Terence
11%
Dearborn Caradoc
10%
Acromantula Mosag
10%
Pringle Apollyon
8%
Cuffe Barnabas
8%
Ogden Tiberius
8%
Jones Megan
7%
Robards Gawain
5%
Whisp Kennilworthy
5%
No matching quizzes found
Score Distribution
Percent of People with Each Score
Percentile by Number Answered
Your Score History
You have not taken this quiz